| 000 | 00500nam a2200169 i 4500 | ||
|---|---|---|---|
| 001 | 81058 | ||
| 003 | ES-MaACL | ||
| 005 | 20230906174346.0 | ||
| 007 | t| | ||
| 008 | 041102s1972 sp ||||1| spa d | ||
| 100 | 1 |
_aHofmeier, Johann. _963968 |
|
| 245 | 1 | 0 |
_aSíntesis de la fe cristiana / _cJohann Hofmeier ; [versión de Daniel Ruiz Bueno]. |
| 260 |
_aBarcelona : _bHerder, _c1972. |
||
| 300 |
_a262 p. ; _c22 cm. |
||
| 700 | 1 |
_aRuiz Bueno, Daniel. _9100677 |
|
| 852 |
_aES-MaACL _jC-45654 _bR.81010 |
||
| 999 |
_c81058 _d81058 |
||